Oropesa : (Record no. 1676)

000 -CABECERA
fixed length control field 00939nam a22002177a 4500
003 - IDENTIFICADOR DEL NÚMERO DE CONTROL
control field AR-CdUCM
008 - DATOS DE LONGITUD FIJA--INFORMACIÓN GENERAL
fixed length control field 190227b ||||| |||| 00| 0 spa d
040 ## - FUENTE DE LA CATALOGACIÓN
Agencia/entidad que catalogó originalmente la obra MUNICIPALIDAD PROVINCIAL DEL CUSCO
Entidad que transcribió la catalogación BIBLIOTECA MUNICIPAL DEL CUSCO
082 ## - NÚMERO DE LA CLASIFICACIÓN DECIMAL DEWEY
No. de Clasificación 985.6 /
Notacion interna G22
100 ## - ENTRADA PRINCIPAL--NOMBRE DE PERSONA
Nombre Personal García Q., Esteban
245 ## - MENCIÓN DE TÍTULO
Título Oropesa :
Resto del título Marquesado de Velleumbroso y capital nacional del pan /
260 ## - PUBLICACIÓN, DISTRIBUCIÓN, ETC.
Lugar de publicación, distribución, etc. [Cusco] :
Nombre de la editorial, distribuidor, etc. Esteban García Q.
300 ## - DESCRIPCIÓN FÍSICA
Nº de Páginas Extensión 104 páginas ;
Dimensiones 20 cm.
Otros detalles físicos Ilustraciones, fotografías.
505 ## - NOTA DE CONTENIDO CON FORMATO
Nota de contenido formateada La fundación de la villa de Oropesa -- La primera siembra del trigo traído de España en la villa de Oropesa -- El marquesado de Oropesa -- La distritalización de Oropesa -- Tradiciones y costumbres ...
650 ## - PUNTO DE ACCESO ADICIONAL DE MATERIA--TÉRMINO DE MATERIA
Descriptor Historia - Oropesa
9 (RLIN) 6220
650 ## - PUNTO DE ACCESO ADICIONAL DE MATERIA--TÉRMINO DE MATERIA
Descriptor Oropesa - Cusco
9 (RLIN) 6221
650 ## - PUNTO DE ACCESO ADICIONAL DE MATERIA--TÉRMINO DE MATERIA
Descriptor Marquesado de Valleumbroso
9 (RLIN) 6222
650 ## - PUNTO DE ACCESO ADICIONAL DE MATERIA--TÉRMINO DE MATERIA
Descriptor Tradiciones - Costumbres
9 (RLIN) 6223
942 ## - ELEMENTOS DE PUNTO DE ACCESO ADICIONAL (KOHA)
Fuente de clasificación
Tipo de item Libros-BMC
945 ## - PROCESAMIENTO DE INFORMACIÓN LOCAL (OCLC)
Catalogador lccs
AAAA-MM-DD - Fecha de ingreso o modificacion 2019-02-27
Holdings
Estado de retiro (separado) Fuente de clasificación o esquema de estanterías Estado dañado Ubicación Sala donde se ubica Nombre de la colección Fecha de adquisición o compra Costo, precio normal en soles Signatura topográfica Código de Barras Última vez visto (Koha) Tipo de ítem (Koha)
No     Sala Humanidades Sala Humanidades Book Cart 2019-02-27 10.00 985.6 / G22 SH0000001825 2019-02-27 Libros-BMC

Powered by Koha